Naruto + Boruto Openings - Statistics

General Stats
  • This quiz has been taken 65 times
  • The average score is 8 of 40
Answer Stats
Band Title Season % Correct
Hound Dog R★O★C★K★S Naruto
67%
FLOW GO!!! Naruto
64%
Ikimono-Gakari Blue Bird Naruto Shippūden
62%
FLOW Sign Naruto Shippūden
44%
nobodyknows+ Hero's Come Back! Naruto Shippūden
42%
Joe Inoue Closer Naruto Shippūden
38%
LONG SHOT PARTY Distance Naruto Shippūden
33%
KANA-BOON Silhouette Naruto Shippūden
33%
NICO Touches The Walls Diver Naruto Shippūden
31%
7!! Seven Oops Lovers Naruto Shippūden
29%
Stance Punks No Boy, No Cry Naruto
27%
Asian Kung-Fu Generation Blood Circulator Naruto Shippūden
24%
tacica Newsong Naruto Shippūden
24%
Yamarazu Wind Naruto Shippūden
24%
FLOW Re:member Naruto
22%
KANA-BOON Baton Road Boruto: Naruto Next Generations
20%
Ikimono-Gakari BAKU Boruto: Naruto Next Generations
18%
Sukima Switch LINE Naruto Shippūden
18%
Asian Kung-Fu Generation Far Away Naruto
16%
FLOW GOLD Boruto: Naruto Next Generations
16%
Anly Empty Heart Naruto Shippūden
11%
Fujifabric Golden Time Boruto: Naruto Next Generations
11%
Qyoto It's All in the Game Boruto: Naruto Next Generations
11%
Brian the Sun Lonely Go! Boruto: Naruto Next Generations
11%
Little Glee Monster OVER Boruto: Naruto Next Generations
11%
CHiCO with Honeyworks Gamushara Boruto: Naruto Next Generations
9%
Ikimono-Gakari Light of a Firefly Naruto Shippūden
9%
miwa Teenage Dream Boruto: Naruto Next Generations
9%
little by little Turning Sadness Into Kindness Naruto
9%
Hata Motohiro A World That Was Transparent Naruto Shippūden
7%
Daisuke If Naruto Shippūden
7%
KANA-BOON Kirarirari Boruto: Naruto Next Generations
7%
NICO Touches The Walls Not Even Sudden Rain Can Defeat Me Naruto Shippūden
7%
Sambomaster Rhapsody of Youth Naruto
7%
Nogizaka46 Size of the Moon Naruto Shippūden
7%
DOES Crimson Lotus Naruto Shippūden
4%
Snowkel Wind and Waves Satellite Naruto
4%
THE CRO-MAGNONS Assault Rock Naruto Shippūden
2%
Sambomaster Starting and Growing Boruto: Naruto Next Generations
2%
Hearts Grow Swaying Naruto
2%
No matching quizzes found
Score Distribution
Percent of People with Each Score
Percentile by Number Answered
Your Score History
You have not taken this quiz